| 000 | 00668nam a22001337a 4500 | ||
|---|---|---|---|
| 040 | _cRUA | ||
| 082 | _aVEM PEN 2021 B1-602 Or. | ||
| 100 | _aPHEN HANG,ផែន ហាង | ||
| 245 | _aGASTRO-INTESTINAL PARASITES IN DOMESTIC CHICKEN AT KOUN SATV COMMUNE,TUCK CHHOU DISTRICT,KAMPOT PROVINCE,បរាសិតក្នុងប្រដាប់រំលាយអាហារមាន់នៅ ឃុំកូនសត្វ ស្រុកទឹកឈូ ខេត្តកំពត | ||
| 260 |
_aphnom penh _brua _c2021 |
||
| 300 |
_ax.42p. _bill. _c29cm. |
||
| 856 | _uhttps://drive.google.com/file/d/1LvP2OOQVU74_kTFEHRNHOiMaIcQeRuFa/view?usp=sharing | ||
| 942 | _cVEM | ||
| 999 |
_c21662 _d21662 |
||